000 00796namaa22001691i 4500
001 173954
003 ES-MaACL
005 20230906215412.0
008 100203s1897 sp |||| | spa d
100 1 _aMaestre, Tomás,
_d1857-1936
_975394
245 1 4 _aLos degenerados
_b: drama en tres actos y en verso /
_coriginal de Tomás Maestre.
260 _aMadrid :
_b[Administración Lírico Dramática],
_c1897 (
_fSucesores de Rodríguez y Odriozola)
300 _a75 p. ;
_c20 cm.
594 _aEn port.: Estrenado con extraordinario éxito en el Teatro de Novedades la noche del 22 de diciembre de 1866.
852 _aES-MaACL
_jF-8634(3)
_z- Enc. pasta española
_z- Enc. en un vol. facticio formando parte de la col. facticia "Teatro español moderno", vol. 89
999 _c173954
_d173954